| 000 | 00544nam a2200181 i 4500 | ||
|---|---|---|---|
| 001 | 58661 | ||
| 003 | ES-MaACL | ||
| 005 | 20230906163845.0 | ||
| 007 | t| | ||
| 008 | 031023s1970 mx ||||1| spa d | ||
| 100 | 1 |
_aEble, Kenneth E. _946475 |
|
| 245 | 1 | 0 |
_aHacia una perfecta educación / _cKenneth E. Eble ; [versión de Rafael Castillo Dibildox]. |
| 250 | _a[1ª ed.]. | ||
| 260 |
_aMéxico, D.F. : _bLetras, _c[1970] |
||
| 300 |
_a255 p. ; _c21 cm. |
||
| 700 | 1 |
_aCastillo Dibildox, Rafael. _936737 |
|
| 852 |
_aES-MaACL _jE-9178 _bR.93614 |
||
| 999 |
_c58661 _d58661 |
||